| 000 | 00516nam a2200157 i 4500 | ||
|---|---|---|---|
| 001 | 100393 | ||
| 003 | ES-MaACL | ||
| 005 | 20230906182651.0 | ||
| 007 | t| | ||
| 008 | 050928s1972 sp ||||1| spa d | ||
| 100 | 1 |
_aMas, Julio. _978617 |
|
| 245 | 1 | 0 |
_aPerspectivas actuales de la arqueología en Cartagena y su proyección submarina / _cJulio Mas. |
| 260 |
_aCartagena : _bAthenas, _c1972. |
||
| 300 |
_a80 p., 4 h., 19 lám. con dos pleg., 1 map. pleg. : _bil ; _c20 cm. |
||
| 852 |
_aES-MaACL _jC-44781 _bR.83082 |
||
| 999 |
_c100393 _d100393 |
||